[Event "Vandenburg Cup"]
[Site "SchemingMind.com"]
[Date "2011.05.07"]
[Round "-"]
[White "Zerstörer"]
[Black "flammablepawn"]
[Result "0-1"]
[WhiteCountry "ITA"]
[BlackCountry "USA"]
[WhiteElo "2029"]
[WhiteRD "74"]
[BlackElo "1903"]
[BlackRD "76"]
[GameID "283465"]

1. b4 c6 2. Bb2 Qb6 3. a3 a5 4. c4 axb4 5. c5 Qc7 6. axb4 Rxa1 7. Bxa1 Nf6 8. e3 g6 9. Nc3 Bg7 10. Ne4 O-O
11. Bxf6 Bxf6 12. Nxf6+ exf6 13. Nf3 d5 14. Be2 Nd7 15. O-O Ne5 16. h3 Nxf3+ 17. Bxf3 Bf5 18. Qa1 Kg7 19. Qa7 Qb8 20. Ra1 Bd3
21. Qxb8 Rxb8 22. Ra3 Bc4 23. d3 Bb5 24. Kf1 f5 25. Be2 Rd8 26. d4 Bxe2+ 27. Kxe2 Re8 28. Ra7 Re7 29. Kf3 Kf6 30. g3 g5
31. Ra1 h5 32. Rh1 Re4 33. Ra1 g4+ 34. hxg4 fxg4+ 35. Ke2 Kg5 36. Ra7 Re7 37. b5 Kf6 38. bxc6 bxc6 39. Rxe7 Kxe7 40. f3 f5
41. e4 gxf3+
0-1

[Event "Vandenburg Cup"]
[Site "SchemingMind.com"]
[Date "2011.05.09"]
[Round "-"]
[White "Zerstörer"]
[Black "Saltydog"]
[Result "1-0"]
[WhiteCountry "ITA"]
[BlackCountry "USA"]
[WhiteElo "2074"]
[WhiteRD "75"]
[BlackElo "1709"]
[BlackRD "77"]
[GameID "283466"]

1. b4 e5 2. Bb2 d6 3. e3 Nf6 4. c4 b6 5. Be2 Bb7 6. Nf3 Nbd7 7. Nc3 Be7 8. Qc2 O-O 9. O-O Ne8 10. Bd3 Nef6
11. a3 Bxf3 12. gxf3 c5 13. Ne4 Nxe4 14. Bxe4 Rb8 15. Bxh7+ Kh8 16. Bd3 Bh4 17. Bf5 Nf6 18. Kh1 Nh5 19. Rg1 Bxf2 20. Rg2 Qh4
21. Rg4 Ng3+ 22. Kg2
1-0

[Event "Vandenburg Cup"]
[Site "SchemingMind.com"]
[Date "2011.05.09"]
[Round "-"]
[White "Manuel Angel"]
[Black "Zerstörer"]
[Result "1-0"]
[WhiteCountry "ESP"]
[BlackCountry "ITA"]
[WhiteElo "2114"]
[WhiteRD "78"]
[BlackElo "2029"]
[BlackRD "74"]
[GameID "283469"]

1. b4 e5 2. Bb2 Bxb4 3. Bxe5 Nf6 4. Nc3 Ba5 5. e3 Nc6 6. Bg3 d5 7. Bd3 O-O 8. Nge2 Re8 9. O-O a6 10. Bh4 Nb4
11. Nf4 Nxd3 12. cxd3 c6 13. Nh5 Bf5 14. Qf3 Bxc3 15. dxc3 Bxd3 16. Nxf6+ gxf6 17. Rad1 Be4 18. Qf4 Re6 19. f3 Bg6 20. c4 Kg7
21. cxd5 cxd5 22. e4 Qd6 23. Qc1 d4 24. Bf2 d3 25. Bc5 Qd7 26. Qe3 Rae8 27. Rxd3 Qc6 28. Rc1 Qa4 29. Qd2 Rb8 30. Be3 Qe8
31. Bf4 Ra8 32. Bh6+ Kg8 33. Rd7 Re7 34. Rcc7 Rxd7 35. Rxd7 b5 36. Qd6 Rc8 37. Qxf6
1-0

[Event "Vandenburg Cup"]
[Site "SchemingMind.com"]
[Date "2011.05.08"]
[Round "-"]
[White "Siebold"]
[Black "Zerstörer"]
[Result "0-1"]
[WhiteCountry "NED"]
[BlackCountry "ITA"]
[WhiteElo "1664"]
[WhiteRD "81"]
[BlackElo "2050"]
[BlackRD "75"]
[GameID "283470"]

1. b4 e5 2. a3 d6 3. g3 Nf6 4. Bg2 Be7 5. Bb2 O-O 6. e3 a6 7. Ne2 Nc6 8. O-O Bd7 9. d4 exd4 10. Nxd4 Nxd4
11. Qxd4 Qc8 12. Nd2 Bh3 13. Bxh3 Qxh3 14. Ne4 Rfe8 15. Ng5 Qh5 16. h4 h6 17. Nh3 Qg4 18. Kg2 Qxd4 19. Bxd4 Nd7 20. a4 Bf6
21. Rfe1 Bxd4 22. exd4 Nf6 23. c4 Kf8 24. Nf4 Rxe1 25. Rxe1 Re8 26. Rxe8+ Kxe8 27. Kf3 Ke7 28. Nd5+ Nxd5 29. cxd5 g6 30. Ke4 f5+
31. Kf4 Kf6
0-1

[Event "Vandenburg Cup"]
[Site "SchemingMind.com"]
[Date "2011.05.07"]
[Round "-"]
[White "Gorake"]
[Black "Zerstörer"]
[Result "1-0"]
[WhiteCountry "SWE"]
[BlackCountry "ITA"]
[WhiteElo "1630"]
[WhiteRD "89"]
[BlackElo "1978"]
[BlackRD "75"]
[GameID "283471"]

1. b4 e5 2. Bb2 Bxb4 3. Bxe5 Nf6 4. a3 Be7 5. Nf3 O-O 6. Bb2 Nc6 7. e3 d5 8. Bb5 Bd7 9. O-O Re8 10. d4 a6
11. Bd3 h6 12. Nbd2 Bd6 13. c4 dxc4 14. Nxc4 Be6 15. Nxd6 Qxd6 16. e4 Qd7 17. d5 Rad8 18. Ne1 Nxd5 19. exd5 Qxd5 20. Qc2 Qb3
21. Qxb3 Bxb3 22. Bf5 Nd4 23. Bxd4 Rxd4 24. Nf3 Rd6 25. Rfe1 Kf8 26. h3 Bd5 27. Rxe8+ Kxe8 28. Ne5 Be6 29. Bxe6 Rxe6 30. Nc4 b5
31. Ne3 a5 32. Nf5 Rg6 33. Rc1 Kd7 34. f4 Rf6 35. Rd1+ Kc6 36. Nxg7 Rxf4 37. Rc1+ Kd7 38. Rc5 c6 39. Nh5 Rd4 40. Nf6+ Kd6
41. Rh5 c5 42. Ne8+ Ke7 43. Nc7 b4 44. axb4 cxb4 45. Rxa5 b3 46. Rb5 Rd3 47. Nd5+ Kd6 48. Nf4 Rc3 49. Kf2 Rc2+ 50. Ke3 b2
51. Kd3 Rf2 52. Ne2 Rxg2 53. Rxb2 Rh2 54. Rb6+ Ke7 55. Rxh6 f6 56. Nf4
1-0

[Event "Vandenburg Cup"]
[Site "SchemingMind.com"]
[Date "2011.05.07"]
[Round "-"]
[White "flammablepawn"]
[Black "Zerstörer"]
[Result "1/2-1/2"]
[WhiteCountry "USA"]
[BlackCountry "ITA"]
[WhiteElo "1934"]
[WhiteRD "76"]
[BlackElo "2050"]
[BlackRD "75"]
[GameID "283473"]

1. b4 e5 2. Bb2 Bxb4 3. Bxe5 Nf6 4. Nf3 Nc6 5. Bb2 d5 6. e3 O-O 7. Be2 Re8 8. O-O Bg4 9. h3 Bh5 10. Nd4 Bxe2
11. Qxe2 Nxd4 12. Bxd4 c6 13. Bb2 Qe7 14. c4 dxc4 15. Qxc4 Bd6 16. Nc3 Rad8 17. d4 Ne4 18. Qd3 Bb4 19. Nxe4 Qxe4 20. Qxe4 Rxe4
21. a3 Ba5 22. Rac1 Bc7 23. Bc3 Rde8 24. Rb1 Bb6 25. a4 Rb8 26. a5 Bc7 27. Rb3 Re7 28. Rfb1 f5 29. Kf1 Bd6 30. Bb4 Bxb4
31. Rxb4 g6 32. Rc4 Ree8 33. Rc5 Rec8 34. Ke2 Kf7 35. Rbc1 Rd8 36. Kd3 Ke6 37. f3 Rbc8 38. Rb1 Rc7 39. Rbc1 Rd5 40. e4 Rxc5
41. dxc5 Rd7+ 42. Ke3 fxe4 43. fxe4 Ke5 44. Rb1 h6=
1/2-1/2

[Event "Vandenburg Cup"]
[Site "SchemingMind.com"]
[Date "2011.05.08"]
[Round "-"]
[White "Saltydog"]
[Black "Zerstörer"]
[Result "0-1"]
[WhiteCountry "USA"]
[BlackCountry "ITA"]
[WhiteElo "1709"]
[WhiteRD "77"]
[BlackElo "2074"]
[BlackRD "75"]
[GameID "283474"]

1. b4 e5 2. a3 d5 3. Bb2 Bd6 4. e3 Nf6 5. d4 e4 6. Ne2 O-O 7. Nd2 c6 8. c4 Bg4 9. h3 Bc8 10. c5 Bc7
11. Qc2 Bf5 12. g4 Bg6 13. Bg2 h6 14. Qc3 Nbd7 15. O-O-O Re8 16. f3 exf3 17. Bxf3 Qe7 18. Nf1 Be4 19. Nh2 Bxf3 20. Nxf3 Qxe3+
21. Qxe3 Rxe3 22. Ne5 Rxe2 23. Nxd7 Nxd7 24. Kb1 Rae8 25. h4 Rg2 26. g5 Ree2
0-1

[Event "Vandenburg Cup"]
[Site "SchemingMind.com"]
[Date "2011.05.10"]
[Round "-"]
[White "Queeny"]
[Black "Manuel Angel"]
[Result "0-1"]
[WhiteCountry "ENG"]
[BlackCountry "ESP"]
[WhiteElo "1673"]
[WhiteRD "74"]
[BlackElo "2029"]
[BlackRD "79"]
[GameID "283616"]

1. b4 e5 2. Bb2 d6 3. e4 Nf6 4. d3 d5 5. a3 a5 6. b5 Bc5 7. Bxe5 Bxf2+ 8. Kd2 Nxe4+ 9. dxe4 Qg5+ 10. Kc3 Qxe5+
11. Kb3 Qxa1
0-1

[Event "Vandenburg Cup"]
[Site "SchemingMind.com"]
[Date "2011.05.10"]
[Round "-"]
[White "Queeny"]
[Black "Siebold"]
[Result "1-0"]
[WhiteCountry "ENG"]
[BlackCountry "NED"]
[WhiteElo "1642"]
[WhiteRD "74"]
[BlackElo "1781"]
[BlackRD "92"]
[GameID "283617"]

1. b4 Nc6 2. a3 e5 3. Bb2 f6 4. e3 Nge7 5. Nf3 d6 6. Be2 Ng6 7. Bb5 Bd7 8. Nh4 Nxh4 9. Qh5+ Ng6 10. Bd3 Kf7
11. Bxg6+
1-0

[Event "Vandenburg Cup"]
[Site "SchemingMind.com"]
[Date "2011.05.10"]
[Round "-"]
[White "Queeny"]
[Black "Zerstörer"]
[Result "0-1"]
[WhiteCountry "ENG"]
[BlackCountry "ITA"]
[WhiteElo "1687"]
[WhiteRD "75"]
[BlackElo "2074"]
[BlackRD "75"]
[GameID "283618"]

1. b4 e5 2. Bb2 Bxb4 3. Bxe5 Nf6 4. c3 Be7 5. Nf3 O-O 6. e3 Nc6 7. Bc4 d6 8. Bxf6 Bxf6 9. O-O Bg4 10. h3 Bh5
11. Be2 Re8 12. Qb3 Rb8 13. Bc4 Qe7 14. Be2 Bg6 15. Bb5 a6
0-1

[Event "Vandenburg Cup"]
[Site "SchemingMind.com"]
[Date "2011.05.10"]
[Round "-"]
[White "Queeny"]
[Black "Gorake"]
[Result "0-1"]
[WhiteCountry "ENG"]
[BlackCountry "SWE"]
[WhiteElo "1642"]
[WhiteRD "74"]
[BlackElo "1562"]
[BlackRD "101"]
[GameID "283619"]

1. b4 f5 2. Bb2 Nf6 3. e3 e6 4. Nf3 Be7 5. a3 O-O 6. Bc4 b6 7. Nh4 Bb7 8. f3 Nc6 9. Nxf5 d5 10. Nxe7+ Qxe7
11. Bd3 e5 12. g4 e4 13. fxe4 dxe4 14. Bc4+ Kh8 15. g5 Nd7 16. h4 Nde5 17. Be2 Qe6 18. Rf1 Qh3 19. h5 Qg3+
0-1

[Event "Vandenburg Cup"]
[Site "SchemingMind.com"]
[Date "2011.05.10"]
[Round "-"]
[White "Queeny"]
[Black "flammablepawn"]
[Result "0-1"]
[WhiteCountry "ENG"]
[BlackCountry "USA"]
[WhiteElo "1670"]
[WhiteRD "76"]
[BlackElo "1903"]
[BlackRD "76"]
[GameID "283621"]

1. b4 c6 2. Bb2 Qb6 3. a3 a5 4. c4 axb4 5. c5 Qc7 6. axb4 Rxa1 7. Bxa1 e6 8. Nf3 Nf6 9. g3 Be7 10. Bg2 b6
11. Be5 Qb7 12. d4 bxc5 13. bxc5 Qb4+ 14. Nbd2 O-O 15. O-O Ba6 16. Re1 Nd5 17. Qb1 f6 18. Qxb4 Nxb4 19. Bf4 Nd5 20. e3 g5
21. Bxb8 Rxb8 22. Ra1 Bb5 23. Ra7 Rd8 24. Bh3 f5 25. g4 h5 26. gxf5 g4 27. fxe6 gxh3 28. exd7 Kf7 29. Ne5+ Ke6 30. Ne4 Rg8+
31. Kh1 Nf6 32. Nc3 Bf1 33. Rc7 Bd8 34. Rxc6+ Ke7 35. Rd6 Bg2+ 36. Kg1 Bc7 37. d8=Q+ Bxd8 38. f4 Bc7
0-1

[Event "Vandenburg Cup"]
[Site "SchemingMind.com"]
[Date "2011.05.10"]
[Round "-"]
[White "Queeny"]
[Black "Saltydog"]
[Result "1-0"]
[WhiteCountry "ENG"]
[BlackCountry "USA"]
[WhiteElo "1687"]
[WhiteRD "75"]
[BlackElo "1709"]
[BlackRD "77"]
[GameID "283622"]

1. b4 e5 2. Bb2 d6 3. e4 a6 4. Bc4 Nf6 5. d3 b5 6. Bb3 Bb7 7. Nd2 g6 8. Ngf3 Bg7 9. Qe2 Nc6 10. Ng5 O-O
11. Bxf7+ Rxf7 12. Nxf7 Kxf7 13. a3 Qd7 14. h3 Re8 15. Qf3 Nd4 16. Bxd4 exd4 17. g4 d5 18. O-O-O dxe4 19. dxe4 Kg8 20. Qb3+ Kh8
21. f3 Rd8 22. Nf1 Qc6 23. Rh2 Bc8 24. Rhd2 Be6 25. Qb2 Nd7 26. Rxd4 Bxd4 27. Rxd4 Rf8 28. Rd6+
1-0

[Event "Vandenburg Cup"]
[Site "SchemingMind.com"]
[Date "2011.05.14"]
[Round "-"]
[White "Manuel Angel"]
[Black "Queeny"]
[Result "1-0"]
[WhiteCountry "ESP"]
[BlackCountry "ENG"]
[WhiteElo "2085"]
[WhiteRD "77"]
[BlackElo "1687"]
[BlackRD "75"]
[GameID "283625"]

1. b4 e5 2. Bb2 Bxb4 3. Bxe5 Nf6 4. Nf3 d6 5. Bc3 Bc5 6. e3 Bg4 7. d4 Bb6 8. a4 c6 9. h3 Bh5 10. Bd3 Nbd7
11. O-O d5 12. a5 Bc7 13. Bb4 g5 14. Nc3 g4 15. hxg4 Bxg4 16. e4 Rg8 17. Re1 Bh3 18. exd5+ Ne5 19. Nxe5 Rxg2+ 20. Kh1 Bxe5
21. Rxe5+ Kd7 22. Qf3
1-0

[Event "Vandenburg Cup"]
[Site "SchemingMind.com"]
[Date "2011.05.11"]
[Round "-"]
[White "Siebold"]
[Black "Queeny"]
[Result "0-1"]
[WhiteCountry "NED"]
[BlackCountry "ENG"]
[WhiteElo "1664"]
[WhiteRD "81"]
[BlackElo "1725"]
[BlackRD "73"]
[GameID "283626"]

1. b4 e5 2. a3 g6 3. Bb2 Bg7 4. g3 d6 5. Bg2 c6 6. e3 Ne7 7. Ne2 O-O 8. O-O Be6 9. d4 Bd5 10. e4 Bc4
11. c3 Nd7 12. Re1 Nf6 13. Nd2 Be6 14. f4 exf4 15. Nxf4 Bg4 16. Qb3 g5 17. Nd3 Qc8 18. e5 dxe5 19. Nxe5 Be6 20. c4 b5
21. d5 cxd5 22. cxb5 Qb7 23. a4 Rfc8 24. Rac1 Rxc1 25. Rxc1 a6 26. bxa6 Qxa6 27. Ra1 Ng4 28. Nxg4 Bxb2 29. Qxb2 Bxg4 30. b5 Qb6+
31. Kh1 Be6 32. Nf3 h6 33. h4 g4 34. Ne5 Nf5 35. a5 Rxa5 36. Rxa5 Qxa5 37. Kh2 Qb6 38. Nc6 Nxg3 39. Kxg3 Qe3+
0-1

[Event "Vandenburg Cup"]
[Site "SchemingMind.com"]
[Date "2011.05.10"]
[Round "-"]
[White "Zerstörer"]
[Black "Queeny"]
[Result "1-0"]
[WhiteCountry "ITA"]
[BlackCountry "ENG"]
[WhiteElo "2074"]
[WhiteRD "75"]
[BlackElo "1687"]
[BlackRD "75"]
[GameID "283627"]

1. b4 e5 2. Bb2 Bxb4 3. Bxe5 Nf6 4. c4 Nc6 5. Bb2 d6 6. Nf3 Be6 7. e3 Bg4 8. Be2 Na5 9. Qa4+ Nc6 10. Nd4 O-O
11. Nxc6 bxc6 12. Qxb4 Rb8 13. Qc3 Bxe2 14. Kxe2 Qd7 15. f3 d5 16. cxd5 cxd5 17. d3 Rb6 18. Nd2 Re8 19. Qd4 c5 20. Qc3 d4
21. Qc2 Rxe3+ 22. Kf2 Ng4+ 23. fxg4 Qxg4 24. Nf3 Qf5 25. Rhe1 Qxd3 26. Qxd3
1-0

[Event "Vandenburg Cup"]
[Site "SchemingMind.com"]
[Date "2011.05.10"]
[Round "-"]
[White "Gorake"]
[Black "Queeny"]
[Result "0-1"]
[WhiteCountry "SWE"]
[BlackCountry "ENG"]
[WhiteElo "1603"]
[WhiteRD "73"]
[BlackElo "1673"]
[BlackRD "74"]
[GameID "283628"]

1. b4 e5 2. Nc3 Bxb4 3. Bb2 Qf6 4. Nf3 Bxc3 5. Bxc3 d6 6. e3 Bg4 7. Be2 Nd7 8. O-O Ne7 9. h3 Bf5 10. Rb1 b6
11. d4 Qg6 12. Nh4 Bxc2 13. Nxg6 Bxd1 14. Nxh8 Bxe2 15. Rfe1 Bc4 16. dxe5 dxe5 17. Rb2 f6 18. Rd1 O-O-O 19. Rbd2 Be6 20. Bb4 Nc6
21. Ba3 Rxh8 22. Rc1 Kb7 23. Rcd1 Ndb8 24. g4 h5 25. f3 e4 26. f4 hxg4 27. hxg4 Bxg4 28. Rc1 Rh3 29. Re1 Bf3 30. Rh2 Rxh2
31. Kxh2 g5 32. fxg5 fxg5 33. Kg3 b5 34. Rf1 Ne5 35. Bb2 Nbd7 36. Ba3 c5 37. Bb2 a5 38. a3 Kc6 39. Rf2 Nd3 40. Rh2 Nxb2
41. Rxb2 Ne5 42. a4 b4 43. Kf2 Nd3+ 44. Kf1 Nxb2 45. Ke1 g4 46. Kf2 c4 47. Ke1 g3 48. Kf1 c3 49. Ke1 Nd3+ 50. Kf1 c2
51. Kg1 c1=Q#
0-1

[Event "Vandenburg Cup"]
[Site "SchemingMind.com"]
[Date "2011.05.10"]
[Round "-"]
[White "flammablepawn"]
[Black "Queeny"]
[Result "1-0"]
[WhiteCountry "USA"]
[BlackCountry "ENG"]
[WhiteElo "1841"]
[WhiteRD "76"]
[BlackElo "1687"]
[BlackRD "75"]
[GameID "283630"]

1. b4 e5 2. Bb2 Bxb4 3. Bxe5 Nf6 4. Nf3 d6 5. Bb2 h6 6. e3 Bg4 7. c3 Ba5 8. Qa4+ c6 9. Be2 O-O 10. h3 Be6
11. Nd4 Bd5 12. O-O b5 13. Qc2 Qd7 14. a4 bxa4 15. Rxa4 Bb6 16. c4 Be4 17. d3 Bg6 18. Nd2 c5 19. Nb5 Bf5 20. Bf3 Nc6
21. Rfa1 Bxh3 22. gxh3 Rac8 23. Bg2 h5 24. Qd1 Nb4 25. Bxf6 gxf6 26. Qxh5 f5 27. Nf3 f6 28. Nh4 Qh7 29. Qxh7+ Kxh7 30. Nxf5
1-0

[Event "Vandenburg Cup"]
[Site "SchemingMind.com"]
[Date "2011.05.10"]
[Round "-"]
[White "Saltydog"]
[Black "Queeny"]
[Result "1-0"]
[WhiteCountry "USA"]
[BlackCountry "ENG"]
[WhiteElo "1731"]
[WhiteRD "73"]
[BlackElo "1670"]
[BlackRD "76"]
[GameID "283631"]

1. b4 e5 2. Bb2 Bxb4 3. Bxe5 Nf6 4. c3 d6 5. Bxf6 Qxf6 6. Nf3 Be6 7. Nd4 Bc5 8. e3 O-O 9. Be2 Nd7 10. O-O Bxd4
11. cxd4 c5 12. Nc3 cxd4 13. Ne4 Qe5 14. d3 dxe3 15. fxe3 d5 16. Ng3 Qxe3+ 17. Kh1 Rac8 18. Nh5 Qg5 19. Nf4 Rc6 20. Nxe6 fxe6
21. g3 Rxf1+ 22. Qxf1 Nf6 23. Rb1 h6 24. Qf4 Qxf4 25. gxf4 Rc2 26. Bf3 b6 27. h3 Rxa2 28. Bg2 Nh5 29. f5 exf5 30. Bxd5+ Kh7
31. Bxa2 Nf4 32. Rf1 g5 33. Rxf4 gxf4 34. Kg2 Kg6 35. Kf3 Kf6 36. Kxf4 b5 37. d4 b4 38. d5 Ke7 39. Kxf5 a5 40. Bb3 Kd6
41. Kg6 Kc5 42. Kxh6 Kb5 43. d6 a4 44. Bxa4+ Kxa4 45. d7 b3 46. d8=Q b2 47. Qb8 Ka3 48. Kg6 Ka2 49. h4 b1=Q+ 50. Qxb1+
1-0